000 00683nam a2200205 4500
005 20250626162646.0
010 _aENG-145590
020 _a9788123419848
_c200.00
035 _aEN-129122
037 _bDBAD
082 _a808.883
_22
245 _aLiteracy Treasure/
_cEdited By S. Kanitha [and] Selvi Santhanakrishnan
250 _a2
260 _aChennai
_bNew Century Book House (P) Ltd.
_c2012
270 _a41-B, SIDCO Industrial Estate, Ambattur
_bChennai
_e600050
_k04426251968
_minfo@ncbh.in
300 _a 432p.
_c21cm(pb)
700 _aS. Kanitha
_eEditor
_982395
700 _aSelvi Santhanakrishnan
_eEditor
_982396
942 _2ddc
_cEN
_h808.883
_mLIT
_e1
999 _c211975
_d211975